000 00636nam a22002417a 4500
001 29816
003 UA-OsUOA
005 20210916220958.0
007 ta
008 20041028b un ||||| |||| 00| 0 ukr d
040 _aUA-OsUOA
_brus
_cUA-OsUOA
_dUA-OsUOA
041 _arus
044 _aRU
080 _a82.09
090 _a82.09
_bС60
100 _aСоловьев Б.
245 _aОт истории к современности
_bстатьи, очерки, полемика
260 _aМосква
_bСоветский писатель
_c1976
300 _a640 с.
650 7 _2UDC
942 _cBK
_2udc
955 _a0
999 _c316215
_d316215